[Event "BL 2016-17"]
[Site "Germany"]
[Date "2017.02.18"]
[Round "7"]
[White "Giri, Anish"]
[Black "Gajewski, Grzegorz"]
[Result "1-0"]
[WhiteElo "2769"]
[BlackElo "2613"]
[Annotator "TA"]
[PlyCount "45"]
[EventDate "2017.??.??"]
[EventType "team-tourn"]
[EventCountry "GER"]
[SourceTitle "playchess.com"]
[Source "ChessBase"]
[SourceQuality "1"]
[WhiteTeam "Solingen"]
[BlackTeam "TU Dresden"]

{[%evp 12,45,60,60,58,52,77,47,36,31,56,45,62,64,81,90,76,62,98,84,102,100,92,83,230,216,192,188,318,316,637,633,633,610,1387,784]} 1. Nf3 d5 2. g3 Nf6 3. Bg2 {??.} Bg4 {[#]} 4. c4 $1 {[%mdl 512]} Bxf3 (4... dxc4 5. Na3) 5. Bxf3 c6 6. Qb3 Qd7 7. d4 $1 e6 8. O-O b5 9. cxb5 cxb5 10. Rd1 a6 11. a4 b4 12. Bg5 $36 {[%mdl 2048] White is pushing.} Be7 13. Bxf6 Bxf6 14. e4 {[%cal Be2e4,Be4d5,Bd5e6,Be6d7][%mdl 32]} (14. Qxb4 $6 Nc6 15. Qc5 Rc8 $11) 14... Nc6 15. exd5 Nxd4 16. dxe6 Nxb3 (16... fxe6 $2 17. Rxd4 Bxd4 18. Bxa8 $18) 17. exd7+ (17. Rxd7 $2 {perishes.} Rc8 18. Ra2 fxe6 $19) 17... Kd8 (17... Ke7 $16 {keeps fighting.}) 18. Bxa8 Nxa1 19. Nd2 Kc7 (19... Bxb2 $142 20. Nc4 Bf6) 20. Rc1+ $18 ({Worse is} 20. Rxa1 Rxa8 21. Rc1+ Kxd7 $11) 20... Kb8 $2 {[#]} (20... Kxd7 21. Bc6+ Ke7 22. Rxa1 Bxb2) 21. Bg2 {White is clearly winning.} ({Less strong is} 21. Rxa1 Kxa8 22. Rc1 Kb8 $16) 21... Bxb2 22. Rc4 Bc3 23. Bh3 1-0

[Event "BL 2016-17"]
[Site "Germany"]
[Date "2017.02.18"]
[Round "7"]
[White "Ragger, Markus"]
[Black "Maiwald, Jens-Uwe"]
[Result "1-0"]
[WhiteElo "2703"]
[BlackElo "2446"]
[Annotator "TA"]
[PlyCount "27"]
[EventDate "2017.??.??"]
[EventType "team-tourn"]
[EventCountry "GER"]

{[%evp 12,27,45,37,41,2,22,16,124,131,141,126,122,46,266,278,262,260]} 1. e4 c5 2. Nf3 e6 3. d4 {??.} cxd4 4. Nxd4 Nc6 5. Nc3 Qc7 6. Be3 a6 7. Qf3 d6 8. O-O-O Bd7 9. Qg3 b5 {[#]} (9... Nf6 $11 {remains equal.}) 10. Bxb5 $1 $16 axb5 11. Ndxb5 Qb7 12. Qxd6 (12. Nxd6+ $16 Bxd6 13. Rxd6 (13. Qxd6 Nf6 $14)) 12... Rc8 $2 (12... Nf6 $14) 13. Bc5 $18 {[%csl Gc5][%cal Rd6f8]} Nce7 14. Qd3 1-0

[Event "BL 2016-17"]
[Site "Germany"]
[Date "2017.02.18"]
[Round "7"]
[White "Matlakov, Maxim"]
[Black "Levin, Felix"]
[Result "1-0"]
[WhiteElo "2701"]
[BlackElo "2528"]
[Annotator "TA"]
[PlyCount "91"]
[EventDate "2017.??.??"]
[EventType "team-tourn"]
[EventCountry "GER"]
[SourceTitle "playchess.com"]
[Source "ChessBase"]
[SourceQuality "1"]
[WhiteTeam "Schwäbisch Hall"]
[BlackTeam "Mülheim Nord"]

{[%evp 27,91,37,37,19,40,41,61,65,70,78,75,54,65,64,88,84,100,90,88,90,126,100,125,127,159,91,152,145,152,140,270,196,196,198,191,191,197,195,195,180,193,186,186,170,172,131,208,183,243,237,242,235,289,235,287,210,351,352,307,278,348,348,341,340,348,347]} 1. d4 Nf6 2. c4 e6 3. Nf3 d5 4. Nc3 c5 5. cxd5 cxd4 6. Qxd4 exd5 7. e4 Nc6 8. Bb5 dxe4 9. Qxd8+ Kxd8 10. Ng5 Be6 11. Bxc6 bxc6 12. Nxe6+ fxe6 13. Ke2 Bb4 14. Na4 Kc7 {LiveBook: 3 Games} 15. Be3 {[%mdl 1024] White has compensation.} Rhb8 16. Rac1 Rb5 {White is slightly better.} 17. Rc4 Kb7 18. Rhc1 Rc8 19. b3 a5 20. Bc5 Bxc5 21. Nxc5+ Kb6 22. Nxe6 Re5 23. Nc5 ({And not} 23. Nxg7 Rc7 24. b4 Nd5 25. bxa5+ Kxa5 26. Rc5+ Kb6 $17) 23... Kb5 24. h3 h5 25. Na4 c5 26. g3 (26. Rd1 $142) 26... Rc7 ({Black should try} 26... g5) 27. Rd1 $16 Kc6 {[#]} 28. Rd8 $1 Rd5 (28... Kb7 $16 29. Nc3 Rc6) 29. Rxd5 Kxd5 $18 {[%mdl 4096] Endgame KRN-KRN} 30. Ke3 Kd6 31. Nc3 {Nb5+ is the strong threat.} Kc6 32. Nxe4 Nd5+ 33. Kd2 Kb6 34. Nc3 Nxc3 35. Kxc3 {KR-KR} Re7 36. Kd2 Kb5 (36... Rd7+ $16 {was necessary.} 37. Kc3 Kb5) 37. f3 {[%cal Bf2f3,Bf3f4][%mdl 32]} g6 (37... g5 {might work better.} 38. Re4 Rg7) 38. Re4 Rd7+ 39. Kc3 Rd6 40. f4 Rf6 41. g4 hxg4 (41... Kc6 {keeps fighting.} 42. Kd3 hxg4) 42. hxg4 Kc6 43. Kc4 {White has a decisive advantage.} Kd6 {[#]} 44. f5 $1 {[%mdl 512]} gxf5 45. Rf4 Rf8 {If Black can now play ...Rb8 this consolidates a bit.} 46. Rxf5 1-0

[Event "BL 2016-17"]
[Site "St. Veit/Glan"]
[Date "2017.03.25"]
[Round "7"]
[White "Nisipeanu, Liviu-Dieter"]
[Black "Melkumyan, Hrant"]
[Result "1-0"]
[WhiteElo "2680"]
[BlackElo "2627"]
[Annotator "TA"]
[PlyCount "113"]
[EventDate "2017.??.??"]
[EventType "team-tourn"]
[EventCountry "AUT"]
[SourceTitle "playchess.com"]
[Source "ChessBase"]
[SourceQuality "1"]
[WhiteTeam "Jenbach"]
[BlackTeam "Wulkaprodersdorf"]

{[%evp 12,113,74,68,77,61,68,66,67,69,118,114,108,102,125,53,54,55,60,44,63,63,62,52,63,57,62,55,55,42,79,39,45,54,81,93,91,76,100,100,102,100,100,100,100,99,98,101,104,108,116,118,118,114,113,104,102,105,104,112,114,110,157,154,128,112,183,150,148,141,141,146,155,137,175,183,175,170,197,205,206,199,447,439,400,399,505,495,460,431,1240,1136,2064,1653,4922,4873,6617,6616,5515,5331,29982,29972,29970,29968]} 1. e4 e5 2. Nf3 Nc6 3. Bc4 Bc5 4. c3 Nf6 5. d3 d5 6. exd5 Nxd5 7. Qb3 Nf6 {C54: Giuoco Piano: 4 c3 Nf6, main lines with 5 d4 and 5 d3} (7... Nb6 8. Bxf7+ Kf8 9. Bh5 Qd5 10. Ng5 Qxb3 11. axb3 Nd5 12. O-O Bb6 13. Bf3 Nf6 14. Be3 Bf5 15. Bxb6 cxb6 {½-½ (38) Asadli,V (2324)-Sadzikowski,D (2480) Abu Dhabi 2015}) 8. Bxf7+ Kf8 9. O-O Qxd3 {White is slightly better.} 10. Bc4 Qf5 $146 (10... Qg6 11. Be3 Bd6 12. Ng5 Na5 13. Qb5 Nxc4 14. Qxc4 Ke7 15. f4 {1-0 (29) Pizarro Segura,E (2255)-Tarzan,A (1950) Spain 1998}) 11. Be3 Bd6 12. Nbd2 e4 13. Ng5 ({White should play} 13. Nd4 $1 $16 {[%cal Rd4f5]} Nxd4 14. Bxd4 (14. cxd4 Qg4 $16)) 13... Na5 $1 $14 {[%cal Ra5b3]} 14. Qb5 h6 15. Qxf5 {Strongly threatening Qg6.} Bxf5 16. Ne6+ $1 Kf7 17. Nd4+ Nxc4 18. Nxc4 Bd7 19. Rfd1 {[%cal Bf1d1,Bd1d2,Bd2e2][%mdl 32]} Rhd8 20. a4 Bg4 21. Rd2 a6 22. h3 Be6 23. Nxe6 Kxe6 24. Re2 Be7 25. Bd4 Kf7 26. Bxf6 Bxf6 27. Rxe4 Rd5 28. Rae1 Rad8 29. g3 Rd1 30. Kf1 b5 31. axb5 axb5 32. Ne5+ Kf8 33. Ng4 Rxe1+ 34. Kxe1 $16 {[%mdl 4096] Endgame KRB-KRN} Be7 35. Ne3 Ra8 36. Kd2 Bd6 37. Nf5 Bc5 38. Nd4 Kg8 (38... Bxd4 $16 39. Rxd4 (39. cxd4 Ra6 40. Kd3 Ra4 $16) 39... Ke7) 39. Re5 Bxd4 40. cxd4 {KR-KR} Ra4 41. Rxb5 Rxd4+ 42. Kc3 Rd1 43. Rc5 Kf8 44. Kb4 Rd7 {[#]} 45. Kb5 $1 Ke8 46. Kc6 Rf7 $2 (46... Rd4 {might work better.} 47. Kxc7 Rb4 48. Re5+ Kf7) 47. f4 $18 Kd8 48. Kb7 Rd7 {[#]} 49. b4 $1 {[%cal Bb2b4,Bb4b5,Bb5b6][%mdl 32]} Rd3 50. b5 ({Less strong is} 50. Rxc7 g6 51. b5 Rxg3 $18) 50... Rxg3 (50... Rd7 $142 51. g4 g6) 51. Rxc7 h5 52. b6 h4 53. f5 {[%cal Bf4f5,Bf5f6][%mdl 32]} Rxh3 54. Rxg7 Rh1 55. f6 Ke8 56. Kc6 Rc1+ 57. Kd5 1-0

[Event "BL 2016-17"]
[Site "Germany"]
[Date "2017.02.18"]
[Round "7"]
[White "Piorun, Kacper"]
[Black "Georgiadis, Nico"]
[Result "1-0"]
[WhiteElo "2651"]
[BlackElo "2475"]
[Annotator "TA"]
[PlyCount "69"]
[EventDate "2017.??.??"]
[EventType "team-tourn"]
[EventCountry "GER"]
[SourceTitle "playchess.com"]
[Source "ChessBase"]
[SourceQuality "1"]
[WhiteTeam "SF Berlin"]
[BlackTeam "Griesheim"]

{[%evp 23,69,27,43,36,69,70,68,63,83,94,95,97,159,171,146,155,256,249,248,243,241,231,223,214,238,245,238,234,246,237,335,311,418,403,403,406,399,381,383,387,433,397,404,389,508,508,562,562]} 1. Nf3 Nf6 2. c4 g6 3. Nc3 Bg7 4. e4 d6 5. d4 O-O 6. h3 e5 7. d5 a5 8. Bg5 Na6 {[%cal Bb8a6,Ba6c5,Bc5a4][%mdl 32]} 9. Be2 Qe8 10. Nd2 Nd7 11. a3 Nb6 12. b3 {[%cal Bb2b3,Bb3b4][%mdl 32]} Bd7 {LiveBook: 9 Games} 13. O-O Nc5 14. Qc2 f5 {White is slightly better.} 15. b4 Nca4 16. Nb5 Bxb5 17. cxb5 f4 (17... Bf6 $142 18. Bxf6 Rxf6) 18. Bh4 $16 ({And not} 18. Qxc7 Rf7 19. Qc2 axb4 $11) 18... h6 {[#]} 19. f3 $1 ({Much weaker is} 19. Qxc7 $6 Rf7 20. Qc2 axb4 $11) 19... Qd7 (19... Bf6 $16 {was worth a try.}) 20. Nb3 $18 {[%cal Bd2b3,Bb3a5,Ba5b7,Bb7c5,Bc5e6][%mdl 32]} axb4 21. axb4 Nc8 22. Na5 Nab6 23. Rfc1 Rf7 24. Nxb7 Rxa1 25. Rxa1 Bf6 26. Bf2 Qe7 (26... Kg7 {keeps fighting.} 27. Nc5 dxc5) 27. Qc6 Kh7 {[#]} 28. Nc5 $1 {[%mdl 512]} Bh4 (28... dxc5 29. bxc5) 29. Bxh4 Qxh4 30. Ne6 Qe7 31. Rc1 h5 32. Qxc7 Qxc7 33. Nxc7 h4 {[#]} 34. Na8 $1 {[%mdl 512]} Nxa8 35. Rxc8 1-0

[Event "BL 2016-17"]
[Site "Germany"]
[Date "2017.02.18"]
[Round "7"]
[White "McShane, Luke J"]
[Black "Bromberger, Stefan"]
[Result "1-0"]
[WhiteElo "2644"]
[BlackElo "2512"]
[Annotator "TA"]
[PlyCount "71"]
[EventDate "2017.??.??"]
[EventType "team-tourn"]
[EventCountry "GER"]
[SourceTitle "playchess.com"]
[Source "ChessBase"]
[SourceQuality "1"]
[WhiteTeam "Werder Bremen"]
[BlackTeam "Zugzwang München"]

{[%evp 12,71,17,5,2,0,21,21,21,17,21,24,24,17,17,25,20,0,31,-25,-23,-23,-20,0,0,-17,-14,-25,-23,-27,-22,-36,-26,-45,-37,-44,-51,-74,16,0,0,0,67,72,62,55,82,26,68,60,101,115,69,89,754,747,747,744,728,710,1733,1733]} 1. e4 e5 2. Nf3 Nc6 3. Bc4 {??.} Nf6 4. d3 Be7 5. Bb3 O-O 6. O-O a5 7. c3 d5 8. Nbd2 b5 9. a4 b4 10. Re1 bxc3 11. bxc3 Ba6 12. exd5 Nxd5 13. Ne4 Rb8 14. Ba2 Nf6 15. Ng3 (15. Nxf6+ $14 Bxf6 16. Ba3) 15... Bxd3 16. Nxe5 Nxe5 17. Rxe5 Bd6 18. Re1 Bg6 19. Be3 h5 {[%cal Bh7h5,Bh5h4][%mdl 32]} 20. Bd4 h4 21. Nf1 c5 22. Bxf6 Qxf6 23. Ne3 $1 Rb2 24. Ng4 Qg5 (24... Qxc3 $17 {And now ...Bf4 would win.} 25. Bxf7+ Bxf7 26. Qxd6 Qd4 27. Qxd4 cxd4) 25. Qxd6 $11 Qxg4 26. Bd5 Qf5 ({Better is} 26... Rc8 $11) 27. Qxc5 $14 h3 28. c4 hxg2 29. Rad1 (29. Ra3 $16) 29... Rc8 30. Qd4 Rb4 31. Re5 (31. Bxg2 Rbxc4 32. Qe3 Qf6 $17) 31... Qf6 32. Rde1 (32. Bxg2 Rcxc4 33. Re8+ Kh7 34. Qxf6 gxf6 $17) 32... Rxa4 $2 {[%mdl 8192]} (32... Rcb8 $16) 33. Qg4 $1 $18 {White is clearly winning.} (33. Kxg2 Rb4 $16) (33. Bxg2 Rcxc4 34. Re8+ Kh7 35. Qxf6 gxf6 $17) 33... Rf8 {[#]} 34. Re8 $1 {Threatening mate with Rxf8+.} ({Weaker is} 34. Bxg2 Ra1 35. Qg3 Rxe1+ 36. Rxe1 Rc8 $11) (34. Kxg2 Ra2 35. Qf3 Qxf3+ 36. Kxf3 a4 $14) ({Inferior is} 34. Qxg2 Ra1 35. Qg3 Rxe1+ 36. Rxe1 a4 $11) 34... Bf5 {[#]} 35. Qh5 $1 {White threatens Rxf8+ and mate.} ({Stronger than} 35. Qxg2 Ra1 36. R8e3 Rxe1+ 37. Rxe1 Be6 $15) 35... Be6 36. R1xe6 1-0

[Event "BL 2016-17"]
[Site "Germany"]
[Date "2017.02.18"]
[Round "7"]
[White "Grandelius, Nils"]
[Black "Bezold, Michael"]
[Result "1/2-1/2"]
[WhiteElo "2635"]
[BlackElo "2501"]
[Annotator "TA"]
[PlyCount "114"]
[EventDate "2017.??.??"]
[EventType "team-tourn"]
[EventCountry "GER"]
[SourceTitle "playchess.com"]
[Source "ChessBase"]
[SourceQuality "1"]
[WhiteTeam "Hamburger SK"]
[BlackTeam "Bayern München"]

{[%evp 12,114,15,25,32,32,32,37,63,40,48,48,72,72,68,57,121,107,119,97,120,122,120,110,82,69,118,113,111,107,120,61,74,66,67,66,68,68,118,131,197,196,191,184,189,189,214,214,214,208,204,170,170,151,198,183,185,189,192,191,186,54,62,62,62,64,63,41,44,38,35,37,44,50,62,16,22,22,15,20,25,22,22,15,15,15,16,14,16,10,19,7,10,6,6,0,0,0,0,0,7,0,6,0,7]} 1. e4 {[%cal Be2e4,Be4e5][%mdl 32]} g6 2. d4 Bg7 3. Nc3 {??.} d6 4. f4 Nf6 5. Nf3 O-O 6. e5 Nfd7 7. Bc4 Nb6 8. Bb3 Nc6 9. a4 a5 10. Be3 Nb4 11. O-O c6 12. Ne4 N4d5 13. Bd2 Kh8 (13... Nc7 $14) 14. Qe1 $16 Bf5 15. Ng3 Be6 16. Ng5 Nc7 17. Bxa5 Bxb3 18. Bxb6 Bc4 (18... Bxc2 $14 {is superior.} 19. Qc3 Bxa4) 19. Rf2 $1 f6 20. N5e4 $1 Qd7 {[%cal Rf6e5]} 21. Bxc7 (21. Qb4 $16 Bg8 22. exf6 Bxf6 23. Nxf6 exf6 24. Bxc7 Qxc7 25. f5) 21... Qxc7 $14 22. exd6 exd6 23. f5 $1 b6 24. Qd2 Rae8 (24... Bg8 $14) 25. Qf4 $16 {Black must now prevent fxg6.} Rd8 (25... Qd8 $16 {was worth a try.}) 26. fxg6 $18 hxg6 27. Qh4+ Kg8 {[#]} 28. Rxf6 $1 (28. Nxf6+ $6 Rxf6 29. Rxf6 Qe7 $16) 28... d5 29. Rxf8+ ({Don't do} 29. Rxg6 $6 dxe4 30. Nh5 Rd7 $16) 29... Rxf8 30. Ng5 {[%csl Gg5][%cal Rh4h7]} Bf6 {Strongly threatening ...Qe7.} 31. Re1 Ba6 32. c3 c5 (32... Bc8 $16 {was called for.} 33. Qh6 Qg7 34. Qxg7+ Bxg7) 33. Qh6 Qg7 34. Qxg7+ Bxg7 35. dxc5 bxc5 {[#]} 36. Ne6 (36. Re6 $1 $18 Bd3 37. Rd6) 36... Re8 $14 {...Bc8 is the strong threat.} 37. Kf2 Rb8 38. Nxc5 Rxb2+ 39. Kf3 Bxc3 40. Re6 Bc4 41. Rxg6+ Kf7 42. Rc6 Bd4 43. Nce4 (43. Ne6 $14 Ba7 44. Nf4) 43... dxe4+ $11 44. Kxe4 Bb3 {And now ...Bg1 would win.} ({Don't play} 44... Rxg2 $6 45. Kxd4 (45. Rxc4 Bg1 $16) 45... Bb3 46. a5 $16) 45. Kxd4 Bxa4 {[%mdl 4096] Endgame KRB-KRN} 46. Rc7+ Ke6 {The position is equal.} 47. Nh5 {Threatens to win with Nf4+.} Rxg2 48. Nf4+ Kd6 49. Rh7 Rg4 50. Ke3 Bc2 51. Rf7 Ke5 52. Rf8 Rh4 53. h3 Bf5 54. Ra8 Kf6 55. Ra1 Rh7 56. Rf1 Ke5 57. Ra1 Bxh3 1/2-1/2

[Event "BL 2016-17"]
[Site "Germany"]
[Date "2017.02.18"]
[Round "7"]
[White "Buhmann, Rainer"]
[Black "Rabiega, Robert"]
[Result "1/2-1/2"]
[WhiteElo "2625"]
[BlackElo "2504"]
[Annotator "TA"]
[PlyCount "87"]
[EventDate "2017.??.??"]
[EventType "team-tourn"]
[EventCountry "GER"]
[SourceTitle "playchess.com"]
[Source "ChessBase"]
[SourceQuality "1"]
[WhiteTeam "Hockenheim"]
[BlackTeam "König Tegel"]

{[%evp 19,87,63,58,26,100,-6,39,40,50,54,93,70,58,62,125,68,145,0,6,17,72,27,27,22,22,20,16,-24,11,10,28,37,37,0,0,0,0,-31,0,0,0,0,0,0,13,0,0,0,0,0,0,0,0,0,0,0,0,0,0,0,0,0,0,0,0,0,0,0,0,0]} 1. d4 d5 2. Nf3 Nf6 3. c4 dxc4 4. e3 Bg4 5. Bxc4 e6 6. h3 Bh5 7. Nc3 Nc6 8. Bb5 Bd6 9. e4 Nd7 10. Be3 O-O {LiveBook: 17 Games} 11. a3 Nb6 (11... Bxf3 $11 {remains equal.} 12. Qxf3 e5 13. Bxc6 bxc6) 12. Qc2 (12. g4 $16 Bg6 13. O-O) 12... Bxf3 13. gxf3 e5 14. Bxc6 bxc6 15. Ne2 exd4 16. Nxd4 Qf6 (16... c5 $14 17. Nf5 g6) 17. Rg1 (17. Qxc6 $16 Be5 18. Qxf6 Bxf6 19. Rc1) 17... Rfe8 (17... c5 $14 18. Nf5 g6) 18. Nf5 (18. Qxc6 $16 {aiming for f4!} Be5 19. Qxf6 Bxf6 20. Nf5) 18... g6 $11 19. O-O-O {Hoping for Bd4.} Qe6 (19... Bf8 $11) 20. Nd4 Qa2 21. Qb3 Qxb3 22. Nxb3 Re5 23. Rd2 Rb8 {White must now prevent ...Nc4.} 24. Nd4 Rc5+ 25. Rc2 $1 Nc4 26. Nf5 Nxe3 27. fxe3 Kf8 28. Nxd6 Rxc2+ 29. Kxc2 {[#] Strongly threatening Nc4.The position is equal.} cxd6 {[%mdl 4096] Endgame KR-KR} 30. Rg5 c5 31. Rd5 Ke7 32. Kc3 Ke6 33. b4 cxb4+ 34. axb4 Rc8+ 35. Kd4 Rb8 36. b5 Rc8 37. e5 dxe5+ 38. Rxe5+ Kd6 39. Rd5+ Ke6 40. Re5+ Kd6 41. Rd5+ Ke6 42. Rc5 Rd8+ 43. Ke4 Rd6 44. f4 1/2-1/2

[Event "BL 2016-17"]
[Site "St. Veit/Glan"]
[Date "2017.03.25"]
[Round "7"]
[White "Buhmann, Rainer"]
[Black "Krassowizkij, Jaroslaw"]
[Result "1-0"]
[WhiteElo "2625"]
[BlackElo "2454"]
[Annotator "TA"]
[PlyCount "45"]
[EventDate "2017.??.??"]
[EventType "team-tourn"]
[EventCountry "AUT"]
[SourceTitle "playchess.com"]
[Source "ChessBase"]
[SourceQuality "1"]
[WhiteTeam "Maria Saal"]
[BlackTeam "Götzis"]

{[%evp 16,45,0,0,0,0,0,1,18,27,14,20,20,17,24,16,50,47,38,35,34,22,72,77,201,204,177,156,338,317,335,330]} 1. Nf3 Nf6 2. c4 c5 3. Nc3 Nc6 4. d4 cxd4 5. Nxd4 e6 6. Bf4 d5 7. e3 {A33: Symmetrical English: 2 Nf3 Nf6 3 d4 cxd4 4 Nxd4 e6 5 Nc3 Nc6} Bb4 8. Nxc6 bxc6 9. Qa4 {LiveBook: 13 Games. The position is equal.} Bxc3+ 10. bxc3 O-O 11. Bd3 (11. Be2 Ne4 12. Rc1 Qe7 13. cxd5 cxd5 14. Qb4 Qf6 {½-½ (30) Gelfand,B (2721)-Vachier Lagrave,M (2796) Caleta 2017}) 11... a5 12. c5 Ba6 13. Bxa6 Rxa6 14. Qd4 a4 $146 (14... Ne8) 15. O-O Qa5 16. Be5 Ne8 $1 ({Much weaker is} 16... Qd8 17. Rab1 $16) 17. Rab1 $36 {[%mdl 2048] White has the initiative.} f6 18. Bb8 $1 e5 {[#]} 19. Qg4 $1 f5 (19... Qxc5 $16 {is a better defense.} 20. Rb7 Kh8) 20. Qg3 $18 Qxc3 21. Bxe5 ({Don't play} 21. Qxe5 $6 Qxe5 22. Bxe5 Ra7 $16) 21... Qxc5 $2 (21... Qa5 $16 22. Rb8 Ra7) 22. Rb7 {[%cal Rb7g7] Intending Rxg7+ and mate.} Ra7 {[#]} 23. Bd6 $1 {[%mdl 512]} 1-0

[Event "BL 2016-17"]
[Site "Germany"]
[Date "2017.02.18"]
[Round "7"]
[White "Gharamian, Tigran"]
[Black "Hausrath, Daniel"]
[Result "1-0"]
[WhiteElo "2624"]
[BlackElo "2483"]
[Annotator "TA"]
[PlyCount "81"]
[EventDate "2017.??.??"]
[EventType "team-tourn"]
[EventCountry "GER"]
[SourceTitle "playchess.com"]
[Source "ChessBase"]
[SourceQuality "1"]
[WhiteTeam "Schwäbisch Hall"]
[BlackTeam "Mülheim Nord"]

{[%evp 12,81,50,41,53,50,70,57,66,40,107,103,97,98,136,111,135,120,166,172,141,132,160,114,118,113,129,108,174,172,179,142,202,202,207,218,239,256,256,251,255,246,269,256,310,310,323,323,322,322,322,322,323,306,387,378,392,389,652,672,853,825,785,570,596,594,586,594,583,575,561,542]} 1. e4 c6 2. d4 d5 3. e5 {??.} Bf5 4. Nf3 e6 5. Be2 Nd7 6. O-O Bg6 7. a4 {[%cal Ba2a4,Ba4a5][%mdl 32]} Nh6 8. a5 a6 9. c3 Nf5 10. b4 h5 (10... f6 $14) 11. Nbd2 $16 {[%cal Bb1d2,Bd2b3,Bb3c5][%mdl 32]} Be7 12. Nb3 h4 13. Nc5 Ra7 14. Ne1 Nf8 (14... Nxc5 $16 15. bxc5 Ra8) 15. Ned3 $18 Bh7 16. Bg4 Bg5 17. Nb2 (17. Nf4 $142) 17... Nh6 18. Be2 Bf5 19. Nba4 Ng6 (19... Bxc1 $16 20. Qxc1 Nd7 21. Nxd7 Qxd7) 20. Nb6 Nf4 21. Be3 h3 (21... Nxe2+ $16 22. Qxe2 Be7) 22. g3 Nxe2+ 23. Qxe2 Bxe3 24. fxe3 ({Don't take} 24. Qxe3 $6 Ng8 25. f3 Ne7) 24... O-O 25. Rf4 Qg5 26. Raf1 Rd8 27. e4 Bg6 28. Rh4 dxe4 29. Nxe4 Bxe4 30. Rxe4 ({Resist} 30. Qxe4 Qd2 31. Qf3 Nf5 32. Rxh3 Qe3+ 33. Qxe3 Nxe3) 30... Nf5 31. Ref4 Qg6 32. g4 Nh6 33. Qf3 Rf8 34. Qxh3 f5 $2 {[#]} (34... Re8 35. Qg3 Rd8) 35. exf6 {White is clearly winning.} Rxf6 36. Rxf6 gxf6 37. Qg3 Qxg4 38. Rxf6 {[#] Hoping for Rg6+.} Qxg3+ 39. hxg3 Nf5 40. Rxe6 Kf7 41. Re5 1-0

[Event "BL 2016-17"]
[Site "Germany"]
[Date "2017.02.18"]
[Round "7"]
[White "Predojevic, Borki"]
[Black "Neef, Maximilian"]
[Result "1/2-1/2"]
[WhiteElo "2611"]
[BlackElo "2426"]
[Annotator "TA"]
[PlyCount "54"]
[EventDate "2017.??.??"]
[EventType "team-tourn"]
[EventCountry "GER"]
[SourceTitle "playchess.com"]
[Source "ChessBase"]
[SourceQuality "1"]
[WhiteTeam "Solingen"]
[BlackTeam "TU Dresden"]

{[%evp 16,54,47,12,12,17,28,-12,24,-8,-8,-34,-11,-15,-13,-49,0,0,0,-21,-19,-15,21,0,40,19,28,18,42,42,35,16,52,0,0,0,0,-1,0,0,-2]} 1. d4 Nf6 2. Nf3 g6 3. c4 Bg7 4. g3 b6 5. Bg2 Bb7 6. O-O O-O 7. d5 Na6 8. Nc3 Nc5 9. Be3 {LiveBook: 11 Games} c6 10. Rc1 Rc8 11. d6 {White has an edge.} Re8 12. dxe7 Qxe7 13. Rc2 Rcd8 14. Qc1 Ne6 15. Rd1 Ba6 (15... Ng4 $15 {should be considered.}) 16. b3 $11 Ng4 17. Bg5 Nxg5 18. Qxg5 Nf6 19. Qc1 d5 20. cxd5 Nxd5 21. Nxd5 Rxd5 22. Rxd5 ({Of course not} 22. Rxc6 Rxd1+ 23. Qxd1 Qxe2 $17) 22... cxd5 23. e3 d4 {[%cal Rd4e3]} 24. exd4 ({White should try} 24. Rc7 $14 Qd6 25. exd4 (25. Nxd4 Bxd4 26. exd4 Qb4 $11) (25. Rxa7 $2 dxe3 26. fxe3 Bh6 $19)) 24... Bxd4 {The position is equal.} 25. Bf1 Bxf1 26. Kxf1 Bc5 27. Kg2 Qe4 1/2-1/2

[Event "BL 2016-17"]
[Site "Germany"]
[Date "2017.02.18"]
[Round "7"]
[White "Hracek, Zbynek"]
[Black "Hertneck, Gerald"]
[Result "1-0"]
[WhiteElo "2610"]
[BlackElo "2487"]
[Annotator "TA"]
[PlyCount "95"]
[EventDate "2017.??.??"]
[EventType "team-tourn"]
[EventCountry "GER"]
[SourceTitle "playchess.com"]
[Source "ChessBase"]
[SourceQuality "1"]
[WhiteTeam "Werder Bremen"]
[BlackTeam "Zugzwang München"]

{[%evp 22,95,39,32,36,38,53,57,48,41,62,60,60,57,56,49,60,50,71,72,79,59,71,70,76,37,63,51,85,43,51,37,51,35,31,26,26,27,29,0,8,8,19,18,23,26,25,25,94,93,99,96,96,100,102,104,330,326,319,322,343,339,406,419,411,404,466,454,544,528,551,546,484,441,764,801]} 1. e4 e6 2. d4 d5 3. e5 c5 4. c3 Nc6 5. Nf3 Bd7 6. Be2 Nge7 {[%cal Bg8e7,Be7f5,Bf5h4][%mdl 32]} 7. O-O Nf5 8. dxc5 Bxc5 9. Bd3 Nh4 10. Nbd2 Ng6 11. Nb3 Bb6 12. Re1 {LiveBook: 10 Games} Qb8 {[%cal Rc6e5]} 13. Qe2 Bc7 {[%cal Rc6e5]} 14. Bxg6 {White is slightly better.} hxg6 15. Bg5 Bd8 16. Bxd8 Qxd8 (16... Kxd8 $2 17. c4 $18) 17. Nbd4 Nxd4 18. Nxd4 Qb6 19. Qd2 O-O-O 20. a4 {[%cal Ba2a4,Ba4a5][%mdl 32]} Kb8 21. h3 Rc8 22. a5 Qd8 23. Re3 Rc5 24. Rf3 Rf8 (24... Rxa5 $2 25. Rxa5 Qxa5 26. Rxf7 $18) 25. b4 Rc4 26. Re1 Qe7 27. Qf4 Be8 28. h4 Rh8 29. g3 Rh5 30. Qe3 g5 31. hxg5 Rxg5 32. Kg2 Rh5 33. Rh1 $36 {[%mdl 2048] White is pushing.} Rxh1 34. Kxh1 f5 (34... a6 $11 {keeps the balance.}) 35. exf6 $1 $16 gxf6 {And now ...e5 would win.} 36. Qxe6 Qxe6 37. Nxe6 {[%mdl 4096] Endgame KRB-KRN} d4 {[#]} 38. Rf4 $1 ({Stronger than} 38. Nxd4 Rxd4 39. Rxf6 Bc6+ 40. Kh2 Rc4 $17) ({But not} 38. Rxf6 $2 dxc3 39. Rf8 c2 40. Rxe8+ Rc8 41. Rxc8+ Kxc8 $19) ({Not} 38. cxd4 $2 Bc6 39. Kg2 Rc3 $19) 38... Bf7 $2 (38... Rxc3 $16 39. Rxd4 Rc6) 39. Nxd4 $18 Rxc3 40. Rxf6 Bd5+ 41. Kh2 Rc4 42. Nb5 Rc8 {[#] ( -> ...Rh8+)} 43. g4 a6 44. Nd6 {White is clearly winning.} Rh8+ 45. Kg3 Kc7 46. Nf5 Rh1 47. Rd6 Rd1 (47... Bc6 $142 48. Rd4 Rg1+ 49. Kh4 Rh1+ 50. Kg5 Rh8) 48. Kf4 1-0